| Tag |
First Indicator |
Second Indicator |
Subfields |
| LEADER |
00000cam a2200000 a 4500 |
| 001 |
in00000012139 |
| 005 |
20151007051752.0 |
| 008 |
870529s1987 caua b s00100 eng d |
| 035 |
|
|
|a (OCoLC)15747820
|
| 035 |
|
|
|9 AAA4690AM
|
| 040 |
|
|
|a SDB
|c SDB
|d m/c
|d TXA
|d UtOrBLW
|
| 049 |
|
|
|a TXAM
|v 1 [A11043513]
|v 2 [A11043416]
|v 3 [A11043466]
|v 4 [A11043270]
|
| 050 |
|
4 |
|a TA159
|b .P2 1987
|
| 245 |
0 |
0 |
|a P.E. (civil) license review manual /
|c C.V. Chelapati, editor.
|
| 250 |
|
|
|a Rev. 2nd ed.
|
| 264 |
|
1 |
|a Long Beach, Calif. :
|b University Bookstore, California State University, Long Beach,
|c [1987]
|
| 264 |
|
4 |
|c ©1987
|
| 300 |
|
|
|a 4 volumes :
|b illustrations ;
|c 28 cm.
|
| 336 |
|
|
|a text
|b txt
|2 rdacontent
|
| 337 |
|
|
|a unmediated
|b n
|2 rdamedia
|
| 338 |
|
|
|a volume
|b nc
|2 rdacarrier
|
| 490 |
1 |
|
|a Professional development series / Continuing Engineering Education
|
| 504 |
|
|
|a Includes bibliographies and indexes.
|
| 650 |
|
0 |
|a Civil engineering
|v Examinations, questions, etc.
|
| 650 |
|
0 |
|a Civil engineering
|v Problems, exercises, etc.
|
| 700 |
1 |
|
|a Chelapati, C. V.
|
| 830 |
|
0 |
|a Professional development series (Long Beach, Calif.)
|
| 999 |
|
|
|a MARS
|
| 999 |
f |
f |
|s 8835193d-1f45-3896-92be-ba3fbb4063f3
|i c66405bc-a33c-3022-811d-b62dabbf0afa
|t 0
|
| 952 |
f |
f |
|p ric
|a Texas A&M University
|b Rellis Campus
|c Joint Library Facility
|d Remote Storage
|t 0
|e TA159 .P2 1987 v.
|h Library of Congress classification
|i unmediated -- volume
|k v.2
|m A14811043416
|
| 952 |
f |
f |
|p ric
|a Texas A&M University
|b Rellis Campus
|c Joint Library Facility
|d Remote Storage
|t 0
|e TA159 .P2 1987 v.
|h Library of Congress classification
|i unmediated -- volume
|k v.1
|m A14811043513
|
| 952 |
f |
f |
|p ric
|a Texas A&M University
|b Rellis Campus
|c Joint Library Facility
|d Remote Storage
|t 0
|e TA159 .P2 1987 v.
|h Library of Congress classification
|i unmediated -- volume
|k v.4
|m A14811043270
|
| 952 |
f |
f |
|p ric
|a Texas A&M University
|b Rellis Campus
|c Joint Library Facility
|d Remote Storage
|t 0
|e TA159 .P2 1987 v.
|h Library of Congress classification
|i unmediated -- volume
|k v.3
|m A14811043466
|
| 998 |
f |
f |
|a TA159 .P2 1987 v.
|s v.1-v.4
|t 0
|l Remote Storage
|